000 00304nam a22001337a 4500
008 170925b xxu||||| |||| 00| 0 eng d
020 _a9780805831023
041 _aeng
080 _a37
100 _a46
101 _aEDU
245 _aTHE LEAST RESTRICTIVE ENVRIONMENT
_cCROCKETT,J.B
942 _2udc
_cBK
999 _c29694
_d29694